[Event "Madrid-ch U12"]
[Site "Madrid"]
[Date "2021.04.24"]
[Round "4"]
[White "Cousido Schwarz, Santiago"]
[Black "Rojas Fernandez, Antonio"]
[Result "0-1"]
[WhiteElo "1460"]
[BlackElo "1563"]
[PlyCount "128"]
[EventDate "2021.04.17"]
[EventType "swiss"]
[EventRounds "5"]
[EventCountry "ESP"]
[SourceTitle "EXT 2023"]
[Source "ChessBase"]
[SourceDate "2022.10.05"]
[SourceVersion "1"]
[SourceVersionDate "2022.10.05"]
[SourceQuality "1"]

1. c4 e5 2. g3 Nf6 3. Bg2 Nc6 4. Nc3 Bc5 5. e3 d6 6. Nge2 a6 7. 0-0 0-0 8. a3 h6 9. d4 exd4 10. exd4 Ba7 11. Be3 Bf5 12. b4 Qd7 13. Qd2 Bh3 14. Nf4 Bxg2 15. Kxg2 Ne7 16. Rfe1 Rfe8 17. Qd3 Rad8 18. Ne4 Nxe4 19. Qxe4 d5 20. Qf3 c6 21. c5 Nf5 22. Nd3 Bb8 23. Kg1 Re4 24. Ne5 Bxe5 25. dxe5 Rxe5 26. Bf4 Rxe1+ 27. Rxe1 Re8 28. Rxe8+ Qxe8 29. g4 Nd4 30. Qe3 Qxe3 31. Bxe3 Nb5 32. Bc1 f6 33. f4 h5 34. h3 hxg4 35. hxg4 g6 36. Bb2 f5 37. g5 Kf7 38. Kf2 d4 39. a4 Nc3 40. Bxc3 dxc3 41. Ke2 Ke6 42. Kd3 Kd5 43. Kxc3 Ke4 44. Kc4 Kxf4 45. b5 Ke3 46. bxc6 bxc6 47. Kb4 f4 48. Ka5 f3 49. Kxa6 f2 50. Kb6 f1Q 51. Kxc6 Qa6+ 52. Kd5 Qxa4 53. c6 Qa8 54. Kd6 Qc8 55. c7 Kf4 56. Kc6 Kxg5 57. Kd6 Kf5 58. Kc6 Ke6 59. Kb6 Kd6 60. Kb5 Qxc7 61. Kb4 Qc6 62. Kb3 Qc5 63. Kb2 Qc4 64. Ka1 Qb4 0-1